000 00609nam a2200241Ia 4500
001 45445
005 20240114003712.0
007 ta
008 090310s1915 g b000 u 903 u
040 _aCotton College,Assam
041 _a903
082 _a332.1
_bW 587 W
100 _aWithers, Hartley .
245 0 _aWar and Lombard Street /
_cHartley Withers.
_hTextual Documents
250 _a1st ed /
260 _aLondon :
_bJohn Murray ,
_c1915.
300 _a167p. ;
_c20 cm.
653 _aT/G-Economics
653 _aWar
942 _2ddc
_cBK
999 _c45410
_d45410